000 00554nam a2200217Ia 4500
003 OSt
005 20221007070208.0
006 a|||||r|||| 00| 0
007 ta
008 221006b |||||||| |||| 00| 0 eng d
024 _a25,540
037 _cTextual
040 _aFLL
_cFLL
_beng
041 _2eng
_aeng
082 _aV551:25:N6, K2;1
245 0 _aBerlin wall
260 _aGaneva
_bInternational Commission of Jurists
_c1962
300 _a54p
_ccm.
942 _hV551:25:N6, K2;1
_cTEXL
_2CC
999 _c1139726
_d1139726